Mei li ren sheng de er shi er zhang bao dian = life is beautiful (Chinese)

Bibliographic Details
Main Author: Xing, Lin Zi
Format: Book
Published: Xianjiapo : Dazhong shu ju , 2001
Subjects:

MARC

LEADER 00000cam a2200000 7i4500
001 0000021590
005 20080721.0
008 080721
020 |a 9810436572 
090 0 0 |a 158.1   |b XIN 
100 1 |a Xing, Lin Zi 
245 1 0 |a Mei li ren sheng de er shi er zhang bao dian = life is beautiful (Chinese)   |c Xing Lin Zi zhu 
260 |a Xianjiapo :   |b Dazhong shu ju ,   |c 2001 
650 0 |a Conduct of life 
650 0 |a Self-realization 
650 0 |a Success   |x Psychological aspects 
999 |a 0001030734   |b Book   |c Chinese Collection   |e Perbadanan Perpustakaan Awam Johor